Law and medical ethics / (Record no. 9162)
[ view plain ]
| 000 -LEADER | |
|---|---|
| fixed length control field | 01191cam a2200313 a 4500 |
| 001 - CONTROL NUMBER | |
| control field | 13931397 |
| 003 - CONTROL NUMBER IDENTIFIER | |
| control field | GZU |
| 005 - DATE AND TIME OF LATEST TRANSACTION | |
| control field | 20210607115835.0 |
| 008 - FIXED-LENGTH DATA ELEMENTS--GENERAL INFORMATION | |
| fixed length control field | 050415r20022003enk b 001 0 eng |
| 010 ## - LIBRARY OF CONGRESS CONTROL NUMBER | |
| LC control number | 2005272852 |
| 020 ## - INTERNATIONAL STANDARD BOOK NUMBER | |
| International Standard Book Number | 9780199659906 |
| 040 ## - CATALOGING SOURCE | |
| Original cataloging agency | DLC |
| Transcribing agency | DLC |
| Modifying agency | DLC |
| 050 00 - LIBRARY OF CONGRESS CALL NUMBER | |
| Classification number | KD3395 |
| Item number | .M38 2002 |
| 100 1# - MAIN ENTRY--PERSONAL NAME | |
| Personal name | Mason, J. K. |
| Fuller form of name | (John Kenyon) |
| 245 10 - TITLE STATEMENT | |
| Title | Law and medical ethics / |
| Statement of responsibility, etc. | J.K. Mason, R.A. McCall Smith, G.T. Laurie. |
| 250 ## - EDITION STATEMENT | |
| Edition statement | 9th ed. |
| 260 ## - PUBLICATION, DISTRIBUTION, ETC. | |
| Place of publication, distribution, etc. | Oxford : |
| Name of publisher, distributor, etc. | Oxford University Press, |
| Date of publication, distribution, etc. | c2013. |
| Date of manufacture | 2013 |
| 300 ## - PHYSICAL DESCRIPTION | |
| Extent | 724 p. ; |
| Dimensions | 24 cm. |
| 500 ## - GENERAL NOTE | |
| General note | Includes bibliographical references and index |
| 650 #0 - SUBJECT ADDED ENTRY--TOPICAL TERM | |
| Topical term or geographic name entry element | Medical laws and legislation. |
| 650 #0 - SUBJECT ADDED ENTRY--TOPICAL TERM | |
| Topical term or geographic name entry element | Medical ethics. |
| 700 1# - ADDED ENTRY--PERSONAL NAME | |
| Personal name | McCall Smith, Alexander, |
| Dates associated with a name | 1948- |
| 700 1# - ADDED ENTRY--PERSONAL NAME | |
| Personal name | Laurie, G. T. |
| Fuller form of name | (Graeme T.) |
| 856 42 - ELECTRONIC LOCATION AND ACCESS | |
| Materials specified | Publisher description |
| Uniform Resource Identifier | <a href="http://www.loc.gov/catdir/enhancements/fy0637/2005272852-d.html">http://www.loc.gov/catdir/enhancements/fy0637/2005272852-d.html</a> |
| 856 41 - ELECTRONIC LOCATION AND ACCESS | |
| Materials specified | Table of contents only |
| Uniform Resource Identifier | <a href="http://www.loc.gov/catdir/enhancements/fy0637/2005272852-t.html">http://www.loc.gov/catdir/enhancements/fy0637/2005272852-t.html</a> |
| 906 ## - LOCAL DATA ELEMENT F, LDF (RLIN) | |
| a | 7 |
| b | cbc |
| c | origcop |
| d | 2 |
| e | ncip |
| f | 20 |
| g | y-gencatlg |
| 942 ## - ADDED ENTRY ELEMENTS (KOHA) | |
| Source of classification or shelving scheme | Library of Congress Classification |
| Koha item type | Books |
| Edition | 9th |
| Classification part | 3395 |
| Item part | MAS |
| Call number prefix | KD |
| Call number suffix | 2013 |
| Withdrawn status | Lost status | Damaged status | Not for loan | Collection code | Home library | Current library | Shelving location | Date acquired | Total Checkouts | Total Renewals | Full call number | Barcode | Date last seen | Date last checked out | Copy number | Price effective from | Koha item type |
|---|---|---|---|---|---|---|---|---|---|---|---|---|---|---|---|---|---|
| Non-fiction | Law Library | Law Library | General Stacks | 06/07/2021 | 2 | 8 | KD3395 MAS 2013 | 025065 | 09/23/2024 | 08/29/2024 | c.1 | 06/07/2021 | Books |